Rusyny sja zmobilizovaly i spysaly peticiju

Bibliographic Details
Main Author: Krajňák, Peter, 1981- (Author)
Format: Article
Language:Ukrainian
Subjects:

MARC

LEADER 00000nab a2200000 a 4500
001 vtls009322718
003 SK-MaSNL
005 20260318133111.0
008 080818c2008 xo wr p 000 c0ukr
015 |a SNBRB2008/08 
038 |a SVKPOCL 
040 |a SVKPOCL  |b slo  |c SVKPOCL  |e AACR2 
041 0 |a ukr 
044 |a xo  |c SK 
080 |a 316.022.4(=161)(437.6)  |2 2001 
080 |a 621.396.1(=161)(437.6)  |2 2001 
080 |a 323.234  |2 2001 
100 1 |a Krajňák, Peter,  |d 1981-  |4 aut  |9 323070 
245 1 0 |a Rusyny sja zmobilizovaly i spysaly peticiju  |c Petro Krajnjak 
610 2 7 |a Slovenský rozhlas.  |b Národnostno-etnické vysielanie Košice  |2 svkpocl  |9 235100 
650 0 7 |a Rusíni  |z Slovensko  |x rozhlasové vysielanie  |x petície  |2 svkpocl  |9 1235662 
650 0 7 |a petície  |2 svkpocl  |9 13945 
651 7 |a Košice (Slovensko)  |2 svkpocl  |9 18694 
773 0 |t Narodny novynky  |g Roč. XVIII, č. 25-28 (2008), s. 2 
852 |a SVKPO  |b KIS3GCP 
856 4 1 |a http://narodny-novynky.presov.sk 
958 |a RN 
958 |a SK 
999 |c 2184697  |d 2186627